000 00273nam a2200121Ia 4500
008 220204s9999 xx 000 0 und d
082 _a678FP
_bWAL
245 0 _aFluoropolymers
260 _aNew York
_c1972
650 _aFluoropolymers
700 _aWall, L A
942 _cBK
999 _c25449
_d25449